| 000 | 00807nam a2200241 a 4500 | ||
|---|---|---|---|
| 001 | 21065 | ||
| 003 | BD-RjUL | ||
| 005 | 20211209000638.0 | ||
| 008 | 140303r19661897enk 001 0 eng | ||
| 035 | _a(BD-RjUL)21129 | ||
| 040 |
_aDLC _cDLC _dBD-RjUL _beng |
||
| 041 | _aeng | ||
| 082 | 0 | 0 |
_a822.3 _bTOW 1966 _223 |
| 245 | 1 | 4 |
_aThe Towneley plays / _cRe-edited from the unique ms. by George England, with side-notes and introduction by Alfred W. Pollard |
| 260 |
_aLondon : _bOxford university press, _c1897 [Reprinted 1966]. |
||
| 300 |
_axxxiv, 418 p. ; _c22 cm. |
||
| 490 | 0 | _aEarly English text society. Extra series, no. LXXI | |
| 504 | _aIncludes index. | ||
| 650 | 0 |
_aEnglish drama _xMedieval. _965097 |
|
| 700 | 1 |
_aEngland, George _965098 |
|
| 700 | 1 |
_aPollard, Alfred W. _954680 |
|
| 942 |
_2ddc _cBK |
||
| 999 |
_c21065 _d21065 |
||